| 000 | 00514nam a2200169Ia 4500 | ||
|---|---|---|---|
| 003 | GCL | ||
| 008 | 140319s9999 xx 000 0 ara d | ||
| 040 |
_aGCL / _cGCL |
||
| 082 | 0 | 4 |
_a810.5 _bح أ |
| 100 | 1 | _aعبدالعظيم ناجى | |
| 245 | 1 | 0 |
_aالاربعائيون : مجلة دورية تعنى بالادب الحديث / _cعبدالعظيم ناجى |
| 700 | 1 | _aناصر فرغلى | |
| 700 | 1 | _aحميدة عبداللة حميدة | |
| 700 | 1 | _aمهاب نصر | |
| 300 | _a195 ص | ||
| 490 | _a | ||
| 999 |
_c47543 _d47543 |
||